Vainqueurs de la Coupe de Martinique de football - Statistiques

Statistiques générales
  • Ce quiz a été pris 8 fois
  • Le résultat moyen est 39 sur 69
Statistiques - réponses
Année Ville Vainqueur % Correct
1953 Fort-de-France Golden Star
88%
1957 Fort-de-France Golden Star
88%
1958 Fort-de-France Golden Star
88%
1963 Fort-de-France Golden Star
88%
1970 Fort-de-France Golden Star
88%
2016 Saint-Joseph Golden Lion
75%
2019 Saint-Joseph Golden Lion
75%
2023 Saint-Joseph Golden Lion
75%
1995 Le Lamentin Aiglon
63%
1996 Le Lamentin Aiglon
63%
2009 Le Lamentin Aiglon
63%
1955 Fort-de-France Club Colonial
63%
1959 Fort-de-France Club Colonial
63%
1962 Fort-de-France Club Colonial
63%
1980 Fort-de-France Club Colonial
63%
2014 Fort-de-France Club Colonial
63%
1954 Le François Club franciscain
63%
1969 Le François Club franciscain
63%
1986 Le François Club franciscain
63%
1987 Le François Club franciscain
63%
1990 Le François Club franciscain
63%
1998 Le François Club franciscain
63%
1999 Le François Club franciscain
63%
2001 Le François Club franciscain
63%
2002 Le François Club franciscain
63%
2003 Le François Club franciscain
63%
2004 Le François Club franciscain
63%
2005 Le François Club franciscain
63%
2007 Le François Club franciscain
63%
2008 Le François Club franciscain
63%
2012 Le François Club franciscain
63%
2015 Le François Club franciscain
63%
2018 Le François Club franciscain
63%
2020 Le François Club franciscain
63%
2022 Le François Club franciscain
63%
2024 Le François Club franciscain
63%
2025 Le François Club franciscain
63%
2017 Sainte-Marie Samaritaine
63%
1964 Saint-Pierre Assaut
50%
1965 Saint-Pierre Assaut
50%
1966 Saint-Pierre Assaut
50%
1967 Saint-Pierre Assaut
50%
1968 Saint-Pierre Assaut
50%
2000 Saint-Pierre Assaut
50%
1982 Morne-Rouge Club Péléen
50%
1977 Case-Pilote CS Case Pilote
50%
2006 Case-Pilote CS Case Pilote
50%
2010 Case-Pilote CS Case Pilote
50%
1988 Le Marin Olympique
50%
1989 Le Marin Olympique
50%
1993 Saint-Joseph RC Saint-Joseph
50%
1960 Le Robert US Robert
50%
1961 Le Robert US Robert
50%
1984 Le Robert US Robert
50%
1992 Le Robert US Robert
50%
1994 Le Robert US Robert
50%
2021 Fort-de-France CO Trenelle
38%
1983 La Trinité La Gauloise
38%
1991 La Trinité La Gauloise
38%
1978 Rivière-Pilote RC Rivière Pilote
38%
1981 Rivière-Pilote RC Rivière Pilote
38%
2011 Rivière-Pilote RC Rivière Pilote
38%
2013 Rivière-Pilote RC Rivière Pilote
38%
1956 Fort-de-France Good Luck
25%
1973 Fort-de-France Good Luck
25%
1974 Fort-de-France Good Luck
25%
1979 Fort-de-France Good Luck
25%
1997 Le Lorrain Rapid Club
25%
1985 La Trinité Réal Tartane
25%
Aucun quiz correspondant
Distribution des résultats
% des personnes avec chaque résultat
Percentile par nombre de réponses
Votre historique - résultats
Vous n’avez pas pris ce quiz